| 000 | 00356cam a2200145ua 4500 | ||
|---|---|---|---|
| 041 |
_ahin _h |
||
| 082 |
_a891.54 _bGAN/VI |
||
| 100 | _aGandhji, . | ||
| 245 |
_aViknanika Ahimsak / _cGandhji. _hTextual Documents |
||
| 260 |
_aAhmadabad : _bNavajivan publishing house , _c1961. |
||
| 300 | _a38 ; . | ||
| 504 | _a | ||
| 942 | _cBK | ||
| 999 |
_c12317 _d12317 |
||